| 000 | 00647nam a2200205 i 4500 | ||
|---|---|---|---|
| 001 | 57646 | ||
| 003 | ES-MaACL | ||
| 005 | 20250921063025.0 | ||
| 007 | t| | ||
| 008 | 031017s1957 sp ||||1| spa d | ||
| 100 | 1 |
_aDoyle, Arthur Conan, _cSir, _d1859-1930 _945552 |
|
| 245 | 1 | 4 |
_aLas hazañas del Brigadier Gerard / _cArthur Conan Doyle ; [traducido por Amando Lázaro Ros]. |
| 260 |
_aBarcelona : _bA.H.R., _c[1957] ( _fEstrada) |
||
| 300 |
_a348 p. ; _c19 cm. |
||
| 490 | 1 | _aPigmalión | |
| 700 | 1 |
_aLázaro Ros, Amando. _970807 |
|
| 830 | 0 |
_aPigmalión _9182328 |
|
| 852 |
_aES-MaACL _jC-13854 _bR.41774 |
||
| 999 |
_c57646 _d57646 |
||